| 000 | 00458nam a2200181Ia 4500 | ||
|---|---|---|---|
| 003 | GCL | ||
| 008 | 140319s9999 xx 000 0 eng d | ||
| 040 |
_aGCL / _cGCL |
||
| 082 | 0 | 4 |
_a928 _bH S |
| 100 | 1 | _aHOLMES, RICHARD. | |
| 245 | 1 | 0 |
_aSHELLEY: THE PURSUIT / _cHOLMES, RICHARD. |
| 260 |
_a[S.N] : _bFLAMINGO. ، _c1995 |
||
| 300 | _a830 P | ||
| 650 | 0 | 4 | _aLITERATURE - BIOGRAPHY |
| 650 | 0 | 4 | _aBIOGRAPHY |
| 650 | 0 | 4 | _aHOLMES, RICHARD. |
| 942 |
_2ddc _cBK |
||
| 999 |
_c13059 _d13059 |
||